Подробности
| 000 -МАРКЕР |
| контрольное поле |
01608nam0a22003251 4500 |
| 001 - ИДЕНТИФИКАТОР ЗАПИСИ |
| контрольное поле |
v19\rc\1945807 |
| 005 - ИДЕНТИФИКАТОР ВЕРСИИ |
| контрольное поле |
20260405224230.0 |
| 035 ## - ДРУГИЕ СИСТЕМНЫЕ НОМЕРА |
| Идентификатор записи |
(NLR Aleph) 005271525 |
| 100 ## - ДАННЫЕ ОБЩЕЙ ОБРАБОТКИ |
| Данные общей обработки |
20080428d1913 |||y0rusy50 ca |
| 101 1# - ЯЗЫК РЕСУРСА |
| Язык текста, звукозаписи и т.д. |
русский |
| Язык оригинала |
немецкий |
| 102 ## - СТРАНА ПУБЛИКАЦИИ ИЛИ ПРОИЗВОДСТВА |
| Страна публикации |
российская федерация |
| 105 ## - ПОЛЕ КОДИРОВАННЫХ ДАННЫХ: ТЕКСТОВЫЕ МАТЕРИАЛЫ, МОНОГРАФИЧЕСКИЕ |
| Кодированные данные о монографическом текстовом документе |
y z ||||| |
| 200 1# - ЗАГЛАВИЕ И СВЕДЕНИЯ ОБ ОТВЕТСТВЕННОСТИ |
| Основное заглавие |
Граф Люксембург |
| Сведения, относящиеся к заглавию |
Оперетта-миниатюра в 1 д. |
| -- |
[Либретто А.М. Вильнера и Р. Боданцкого] |
| Первые сведения об ответственности |
Пер. и перед. с нем. |
| Последующие сведения об ответственности |
М.Н. Брошель и А.О. К-в |
| -- |
Муз. Ф. Легара |
| 210 ## - ПУБЛИКАЦИЯ, РАСПРОСТРАНЕНИЕ И ДР. |
| Место издания, распространения и т.д. |
Санкт-Петербург |
| Имя издателя, распространителя и т. д. |
Столич. театр. изд-во новейш. драм. произведений |
| Дата издания, распространения и т.д. |
1913 |
| 215 ## - ФИЗИЧЕСКАЯ ХАРАКТЕРИСТИКА |
| Специфическое обозначение материала и объем |
20 с. |
| Размеры |
29 |
| 225 1# - СЕРИЯ |
| Основное заглавие серии |
Театральные новинки |
| 309 ## - ПРИМЕЧАНИЯ ОБ ОСНОВНОМ ИСТОЧНИКЕ ИНФОРМАЦИИ И ОБ ОСОБЕННОСТЯХ ПОЛИГРАФИЧЕСКОГО ОФОРМЛЕНИЯ ИЗДАНИЯ |
| Текст примечания |
Напеч. на пиш. маш. Литогр. |
| 702 #1 - ИМЯ ЛИЦА - ВТОРИЧНАЯ ОТВЕТСТВЕННОСТЬ |
| Начальный элемент ввода |
Вильнер |
| Часть имени, кроме начального элемента ввода |
А.М. |
| Расширение инициалов личного имени |
Альфред Мария |
| Код отношения |
Прочие |
| 702 #1 - ИМЯ ЛИЦА - ВТОРИЧНАЯ ОТВЕТСТВЕННОСТЬ |
| Код отношения |
Прочие |
| Материалы, к которым относится поле |
rus |
| Графика поля |
Кириллица |
| Начальный элемент ввода |
Боданцкий |
| Часть имени, кроме начального элемента ввода |
Р. |
| Даты |
1879-1923 |
| Расширение инициалов личного имени |
Роберт |
| Идентификатор авторитетной/нормативной записи |
RU\NLR\AUTH\7798135 |
| Системный номер авторитетной/нормативной записи |
81061 |
| 702 #1 - ИМЯ ЛИЦА - ВТОРИЧНАЯ ОТВЕТСТВЕННОСТЬ |
| Код отношения |
Переводчик |
| Материалы, к которым относится поле |
rus |
| Графика поля |
Кириллица |
| Начальный элемент ввода |
Брошель |
| Часть имени, кроме начального элемента ввода |
М. Н. |
| Даты |
1870-1917 |
| Расширение инициалов личного имени |
Михаил Николаевич |
| Идентификатор авторитетной/нормативной записи |
RU\NLR\AUTH\77101941 |
| Системный номер авторитетной/нормативной записи |
84867 |
| 702 #1 - ИМЯ ЛИЦА - ВТОРИЧНАЯ ОТВЕТСТВЕННОСТЬ |
| Код отношения |
Переводчик |
| Материалы, к которым относится поле |
rus |
| Графика поля |
Кириллица |
| Начальный элемент ввода |
К-в |
| Часть имени, кроме начального элемента ввода |
А. О. |
| Дополнения к именам, кроме дат |
псевдоним, переводчик |
| Даты |
19 в. |
| Идентификатор авторитетной/нормативной записи |
RU\NLR\AUTH\77102340 |
| Системный номер авторитетной/нормативной записи |
85266 |
| 702 #1 - ИМЯ ЛИЦА - ВТОРИЧНАЯ ОТВЕТСТВЕННОСТЬ |
| Код отношения |
Композитор |
| Материалы, к которым относится поле |
rus |
| Графика поля |
Кириллица |
| Начальный элемент ввода |
Легар |
| Часть имени, кроме начального элемента ввода |
Ф. |
| Даты |
1870-1948 |
| Расширение инициалов личного имени |
Франц |
| Идентификатор авторитетной/нормативной записи |
RU\NLR\AUTH\7798123 |
| Системный номер авторитетной/нормативной записи |
81049 |
| 801 #0 - ИСТОЧНИК ЗАПИСИ |
| Страна |
российская федерация |
| Организация |
NLR |
| Дата составления |
20080428 |
| Правила каталогизации |
psbo |
| 801 #0 - ИСТОЧНИК ЗАПИСИ |
| Страна |
российская федерация |
| Организация |
RuMoRGB |
| Дата составления |
20080428 |
| Источник данных |
psbo |
| 801 #1 - ИСТОЧНИК ЗАПИСИ |
| Страна |
российская федерация |
| Организация |
ProSoft-M |
| Дата составления |
20080428 |
| Источник данных |
rusmarc |
| 801 #2 - ИСТОЧНИК ЗАПИСИ |
| Страна |
российская федерация |
| Организация |
NLR |
| Дата составления |
20110817 |
| Источник данных |
rusmarc |
| 852 ## - МЕСТОНАХОЖДЕНИЕ И ШИФР ХРАНЕНИЯ |
| Идентификатор организации |
NLR |
| Шифр хранения (Call Number) |
37.53.3.256 |
| 942 ## - ДОПОЛНИТЕЛЬНЫЕ ЭЛЕМЕНТЫ ЗАПИСИ (АБИС) |
| Тип экземпляра АБИС |
Книга |
| 980 ## - КОЛЛЕКЦИЯ |
| Название коллекции |
Национальная библиография |